000 00647nam a22001937a 4500
999 _c182512
_d182512
005 20211118112202.0
010 _aUR-11327
020 _c300.00
_a9789388356572
035 _aU-9882
037 _bDBAD/PUB
082 _a844
100 _aا ر ما ن نجمی
245 _aد بستا ں کھل گيا (مجمو عہء مضا مين )
_cا ر ما ن نجمی
246 _aDabistan Khul Gaya (Urdu)
_bby Arman Najmi
260 _aN.Delhi
_c2018 ء
_bEducational Publishing House
270 _aD1/16,Ansari Road,Darya Ganj,
_bNew Delhi
_e110002
_l -
300 _a288 ص
_c22 Cm(Hb)
942 _2ddc
_cUR
_h844
_mا ر م